00323nam a22001217a 4500003000400000020001800004082001800022100001500040245004700055260006400102300001200166650002300178SGT a9780323359726 a617.695bI15H a Harry Dym aImplant Procedures for the General Dentist aPhiladelphia, United StatesbHealth Sciences Divisionc2015 a255-527 aImplant Dentistry